000
00241nam a2200109Ia 4500
008
230907s9999||||xx |||||||||||||| ||und||
082
_a
620.5
_b
NAN
245
0
_a
Nanomechanics /
260
_a
Intech,
_c
2018
300
_a
183 p.
942
_c
BK
999
_c
598492
_d
598492